000 01228nab a2200361 4500
003 BR-BrBNA
005 20260408124840.0
008 260408b bl.||||| |||| 00| 0 por d
040 _aBR-BrBNA
_bpor
072 _aJ11 ; E20 ; E13 ; E14 ; Q03 ; E71 ; D50 ; P40 ; P01
100 _aOndei, Vera
100 _aCaetano, Marcela
245 _aSó há paz se houver alimento para todos
_bEntrevista com Roberto Rodrigues, coordenador do Centro de Estudos do Agronegócio da Fundação Getúlio Vargas
500 _a3 illus.
650 _aAGRONEGÓCIO
650 _aLOGÍSTICA
650 _aSEGURO RURAL
650 _aRENDA
650 _aCRÉDITO RURAL
650 _aPOLÍTICA COMERCIAL
650 _aDEFESA SANITÁRIA
650 _aMEIO AMBIENTE
650 _aLEGISLAÇÃO TRABALHISTA
650 _aCLIMA
650 _aTAXA DE CÂMBIO
650 _aPRODUTIVIDADE
650 _aTECNOLOGIA
650 _aGESTÃO
650 _aACORDO COMERCIAL
773 0 _01706
_9348157
_dSão Paulo-SP Editora Três Ltda - E-mail: luizfsa@revistadinheiro.com.br 2004
_o2025-0646
_tDinheiro Rural (Brazil)
_x1807-3700
_gv. 11(132) p. 12-14; (Dec 2015-Jan 2016)
_wBR2026000468
942 _cANA
999 _c341286
_d341286